Online
Catalog

Historia de un monopolio : (Record no. 13203)

MARC details
000 -CABECERA
campo de control de longitud fija 01042cam a2200241 a 4500
001 - NÚMERO DE CONTROL
campo de control 000013584
005 - FECHA Y HORA DE LA ÚLTIMA TRANSACCIÓN
campo de control 20200929163258.0
008 - DATOS DE LONGITUD FIJA--INFORMACIÓN GENERAL
campo de control de longitud fija 780928s1977 ve ab b f001 0 spa
040 ## - FUENTE DE LA CATALOGACIÓN
Centro catalogador/agencia de origen DO-SdBNP
Lengua de catalogación spa
Centro/agencia transcriptor DLC
Centro/agencia modificador BNPHU
082 ## - NÚMERO DE LA CLASIFICACIÓN DECIMAL DEWEY
Número de clasificación 338.8287
Número de documento/Ítem A674h
049 ## - FONDOS LOCALES (OCLC)
Fondos de biblioteca BNGR
100 1# - ENTRADA PRINCIPAL--NOMBRE DE PERSONA
Nombre de persona Arcila Farías, Eduardo.
Fechas asociadas al nombre 1912-1996
9 (RLIN) 30979
245 10 - MENCIÓN DE TÍTULO
Título Historia de un monopolio :
Resto del título el estanco del tabaco en Venezuela (1779-1833) /
Mención de responsabilidad, etc. Eduardo Arcila Farías.
260 ## - PUBLICACIÓN, DISTRIBUCIÓN, ETC.
Lugar de publicación, distribución, etc. Caracas, Venezuela :
Nombre del editor, distribuidor, etc. Facultad de Humanidades y Educación, Instituto de Estudios Hispanoamericanos, Universidad Central de Venezuela,
Fecha de publicación, distribución, etc. 1977.
300 ## - DESCRIPCIÓN FÍSICA
Extensión 364 p. :
Otras características físicas il. mapa ;
Dimensiones 22 cm.
500 ## - NOTA GENERAL
Nota general "Apéndice documental": p. [305]-364.
504 ## - NOTA DE BIBLIOGRAFÍA, ETC.
Nota de bibliografía, etc. Incluye referencias bibliográficas.
650 #4 - PUNTO DE ACCESO ADICIONAL DE MATERIA--TÉRMINO DE MATERIA
Término de materia o nombre geográfico como elemento de entrada Industria del tabaco
Subdivisión geográfica Venezuela
Subdivisión general Historia
9 (RLIN) 30980
650 #4 - PUNTO DE ACCESO ADICIONAL DE MATERIA--TÉRMINO DE MATERIA
Término de materia o nombre geográfico como elemento de entrada Gobiernos monopolios
Subdivisión geográfica Venezuela
Subdivisión general Historia
9 (RLIN) 30981
650 #4 - PUNTO DE ACCESO ADICIONAL DE MATERIA--TÉRMINO DE MATERIA
Término de materia o nombre geográfico como elemento de entrada Gobiernos monopolios
Subdivisión geográfica España
Subdivisión general Historia
9 (RLIN) 30982
740 3# - PUNTO DE ACCESO ADICIONAL--TÍTULO RELACIONADO O ANALÍTICO NO CONTROLADO
Título relacionado o analítico no controlado El estanco del tabaco en Venezuela, 1779-1833.
910 ## - DATOS DE OPCIÓN DEL USUARIO (OCLC)
Datos de opción del usuario Catalogación por copia / LC
Holdings
Estado de retiro Estado de pérdida Restricciones de uso No para préstamo Código de colección Localización permanente Ubicación/localización actual Ubicación en estantería Fecha de adquisición Número de inventario Total de préstamos Signatura topográfica completa Código de barras Fecha visto por última vez Precio válido a partir de Tipo de ítem Koha
        Monografías: Libros y Folletos General General En catalogación 25.11.2009 LF1   338.8287 A674h 13584-10 25.06.2020 25.06.2020 Préstamo en sala

Powered by Koha